Bài giảng quản lý kỹ thuật công nghệ

Gồm 7 chương: Cơ sở quản lý công nghệ, môi trường công nghệ, năng lực công nghệ và đánh giá công nghệ,...

Bewaard in:
Bibliografische gegevens
Hoofdauteur: Nguyễn, Thắng Lợi
Formaat: Boek
Taal:Undetermined
Gepubliceerd in: Cần Thơ Trường Đại học Cần Thơ 2011
Onderwerpen:
Tags: Voeg label toe
Geen labels, Wees de eerste die dit record labelt!
Thư viện lưu trữ: Trung tâm Học liệu Trường Đại học Cần Thơ
LEADER 00763nam a2200193Ia 4500
001 CTU_230806
008 210402s9999 xx 000 0 und d
082 |a 600 
082 |b L462 
100 |a Nguyễn, Thắng Lợi 
245 0 |a Bài giảng quản lý kỹ thuật công nghệ 
245 0 |c Nguyễn Thắng Lợi (Biên soạn) 
260 |a Cần Thơ 
260 |b Trường Đại học Cần Thơ 
260 |c 2011 
520 |a Gồm 7 chương: Cơ sở quản lý công nghệ, môi trường công nghệ, năng lực công nghệ và đánh giá công nghệ,... 
650 |a Công nghệ,Technology 
910 |b nthai 
980 |a Trung tâm Học liệu Trường Đại học Cần Thơ